000 006770000a22002170004500
003 LK-CoMWRAF
005 20240624144946.0
008 230817t ||||| |||| 00| 0 eng d
040 _aLK-CoMWRAF
_dLK-CoMWRAF
_eLK-CoMWRAF
041 _aeng
082 _a371.32
_bSCH
245 _aSchool text books and communal relations in Sri Lanka:
_bPart 1: analysis of text books
260 _bColombo:
_aCouncil for Communal Harmony Through the Media,
_c[1982?]
300 _a77 p. ; 29 cm
650 _aCommunalism in textbooks- Sri Lanka
700 _aSiriwardena, Reggie
700 _aIndrapala, K.
700 _aBastian, Sunil
700 _aKottegoda, Sepali
942 _cBK
999 _c3050
_d3050